[Event "Hannover-ch U12"]
[Site "Lehrte"]
[Date "2011.10.15"]
[Round "3"]
[White "Bruns, Tim Sebastian"]
[Black "Schewe, Enora"]
[Result "0-1"]
[WhiteElo "993"]
[BlackElo "701"]
[PlyCount "34"]
[EventDate "2011.10.15"]
[EventType "swiss"]
[EventRounds "11"]
[EventCountry "GER"]
[SourceTitle "EXT 2021"]
[Source "ChessBase"]
[SourceDate "2020.10.23"]
[SourceVersion "1"]
[SourceVersionDate "2020.10.23"]
[SourceQuality "1"]

1. e4 e5 2. Nf3 Nc6 3. Nc3 Nf6 4. d4 exd4 5. Nxd4 d5 6. Bg5 Nxd4 7. Qxd4 Be7 8. exd5 c6 9. Bc4 Be6 10. Qd1 cxd5 11. Bxd5 Bxd5 12. Bxf6 Bxf6 13. Nxd5 Bxb2 14. Rb1 Bc3+ 15. Nxc3 Qxd1+ 16. Rxd1 0-0 17. 0-0 Rac8 0-1